Anatomy of a silicon compiler /

Saved in:
Bibliographic Details
Other Authors: Brodersen, Robert W., 1945-
Format: Book
Language:English
Published: Boston : Kluwer Academic Publishers, c1992.
Series:Kluwer international series in engineering and computer science ; SECS 181.
Kluwer international series in engineering and computer science. VLSI, computer architecture, and digital signal processing.
Subjects:
Tags: Add Tag
No Tags, Be the first to tag this record!
LEADER 01191pam a2200277 a 4500
001 007713467-2
005 20020606104010.5
008 920327s1992 maua b 001 0 eng
010 |a  92010809  
020 |a 0792392493 (acid-free paper) 
035 0 |a ocm25712388 
040 |a DLC  |c DLC  |d MCS 
050 0 0 |a TK7874  |b .A59 1992 
082 0 0 |a 621.3815/0285/53  |2 20 
245 0 0 |a Anatomy of a silicon compiler /  |c edited by Robert W. Brodersen. 
260 |a Boston :  |b Kluwer Academic Publishers,  |c c1992. 
300 |a xiv, 362 p. :  |b ill. ;  |c 25 cm. 
490 1 |a The Kluwer international series in engineering and computer science ;  |v #181.  |a VLSI, computer architecture, and digital signal processing 
504 |a Includes bibliographical references and index. 
650 0 |a Integrated circuits  |x Design and construction  |x Computer programs. 
650 0 |a Compilers (Computer programs) 
700 1 |a Brodersen, Robert W.,  |d 1945- 
830 0 |a Kluwer international series in engineering and computer science ;  |v SECS 181. 
830 0 |a Kluwer international series in engineering and computer science.  |p VLSI, computer architecture, and digital signal processing. 
988 |a 20020608 
906 |0 DLC